Effective socialising
Spremljeno u:
| Glavni autor: | |
|---|---|
| Autor kompanije: | |
| Format: | Audio Knjiga |
| Jezik: | English |
| Izdano: |
Oxford :
Oxford University Press,
1997.
|
| Teme: | |
| Oznake: |
Dodaj oznaku
Bez oznaka, Budi prvi tko označuje ovaj zapis!
|
| Thư viện lưu trữ: | Mạng thư viện Đại học Đà Nẵng |
|---|
| LEADER | 00912cim a2200337 i 4500 | ||
|---|---|---|---|
| 001 | 000049841 | ||
| 003 | 9986 | ||
| 005 | 20041027140751.0 | ||
| 008 | 010424b1997 vm 000 eng | ||
| 020 | |a 0194570983 | ||
| 040 | |a IRC |c IRC |d IRC | ||
| 041 | 0 | |a eng | |
| 082 | 1 | 4 | |a 651.73 |b CO-J |
| 100 | 1 | |a Comfort, Jeremy. | |
| 245 | 1 | 0 | |a Effective socialising |h [Cassette - Băng cát-xét] / |c Jeremy Comfort with York Associate. |
| 260 | |a Oxford : |b Oxford University Press, |c 1997. | ||
| 300 | |a 1 audio cassette (44 minutes) | ||
| 630 | 0 | 4 | |a English language. |
| 630 | 0 | 4 | |a Social aspects. |
| 650 | 0 | 4 | |a English language |x Social aspects. |
| 710 | 2 | |a York Associates. | |
| OWN | |a DUT | ||
| 999 | |a From the UDN01 | ||
| TYP | |a Sound recording | ||
| TYP | |a Monograph | ||
| 980 | |a Mạng thư viện Đại học Đà Nẵng | ||


